Vybrané marketingové činnosti podniku diplomová práca

Guardado en:
Detalles Bibliográficos
Autor principal: Bujňáková, Erika
Autor Corporativo: Podnikovohospodárska fakulta EU so sídlom v Košiciach. Katedra marketingu a obchodu
Otros Autores: Gajdoš, Jozef, 1962-2025
Formato: Libro
Lenguaje:eslovaco
Publicado: Košice 2011
Etiquetas: Agregar Etiqueta
Sin Etiquetas, Sea el primero en etiquetar este registro!

MARC

LEADER 00000nbm a2200000 4500
001 0139014
005 20161109101859.5
041 0 |a slo 
044 |a SK 
245 1 0 |a Vybrané marketingové činnosti podniku  |b diplomová práca  |c Erika Bujňáková ; školiteľ: Jozef Gajdoš 
264 1 |a Košice  |c 2011 
300 |a 95 s. 
100 1 |a Bujňáková, Erika 
700 1 |a Gajdoš, Jozef, 1962-2025 
710 2 |a Podnikovohospodárska fakulta EU so sídlom v Košiciach. Katedra marketingu a obchodu